| 000 | 00928nam a22002417a 4500 | ||
|---|---|---|---|
| 001 | 81756 | ||
| 003 | BD-RjUL | ||
| 005 | 20240116122625.0 | ||
| 008 | 230823s2020 bg a|||| m||| 00| 0 eng d | ||
| 035 | _a(BD-RjUL)81756 | ||
| 040 |
_aBD-RjUL _beng _cBD-RjUL _dBD-RjUL |
||
| 041 | _aeng | ||
| 082 |
_223 _a332.123095492 _bNAP 2020 |
||
| 100 |
_aNasrin, Hosnay _91980 |
||
| 245 | 1 | 0 |
_aPerformance evaluation and benchmarking of private commercial Banks in Bangladesh : _bAn exploratory approach / _cHosnay Nasrin ; _6Supervisor : A H M. Ziaul Haq. |
| 260 |
_aRajshahi : _bDepartment of Finance, University of Rajshahi, _c2020. |
||
| 300 |
_axxii, 183 leaves : _bill, ; _c29.cm. |
||
| 502 | _aThesis : (Ph. D.) -- Department of Finance, University of Rajshahi, 2020 | ||
| 504 | _aBibliography : Leaves 161 - 176 | ||
| 650 |
_aPrivate Banks _zBangladesh _92667 |
||
| 700 |
_aHaq, A H M. Ziaul, Supervisor _98511 |
||
| 942 |
_2ddc _cTHE |
||
| 999 |
_c81756 _d81756 |
||